| 000 | 00500nam a2200169Ia 4500 | ||
|---|---|---|---|
| 003 | GCL | ||
| 008 | 140319s9999 xx 000 0 eng d | ||
| 040 |
_aGCL / _cGCL |
||
| 082 | 0 | 4 |
_aCC _b069.962 _bB M |
| 100 | 1 | _aLE BUREAU DE TOURISME, EGYPT | |
| 245 | 1 | 0 |
_aLE MUSEE DE L'ART ARABE AU CAIRE / _cLE BUREAU DE TOURISME, EGYPT |
| 260 |
_a[S.N] : _bLE BUREAU DE TOURISME, EGYPT ، _c1994 |
||
| 650 | 0 | 4 | _aحوادث المرور |
| 650 | 0 | 4 | _aARTS, ISLAM |
| 650 | 0 | 4 | _aISLAMIC MUSEUM |
| 942 |
_2ddc _cBK |
||
| 999 |
_c20419 _d20419 |
||